000 01039nam a2200253 a 4500
001 78931
003 BD-RjUL
005 20211209083206.0
008 211130s2021 bg ||||| |||| 00| 0 ben d
020 _a9847025401071
_c: Tk. 340.00
035 _a(BD-RjUL)79158
040 _aBD-RjUL
_beng
_cBD-RjUL
041 _aben
082 _223
_a891.443
_bIQA 2021
100 _aইকবাল, সৈয়দ
_9250800
245 1 0 _aগল্প সমগ্র-১ :
_bএকদিন বঙ্গবন্ধু /
_cসৈয়দ ইকবাল
260 _aঢাকা :
_bদি রয়েল পাবলিশার্স ,
_c২০২১
300 _a১৯২ পৃ.:
_bচিত্রসমূহ,
_c২২ সেমি.
600 _aমুজিবুর রহমান,
_cশেখ,
_d১৯২০-১৯৭৫
_9250803
600 _aMujibur Rahman,
_cSheikh,
_d1920-1975
_9250804
650 _aবাংলা ছোট গল্পসমূহ
_9250801
650 _aBengali short stories
_9250802
942 _2ddc
_cBK
999 _c78931
_d78931